000
00302nam a22001337a 4500
008
190201b xxu||||| |||| 00| 0 eng d
020
_a
9780934986854
041
_a
eng
080
_a
159.9
100
_a
49
101
_a
PSI
245
_a
The Anxiety & Phobia Workbook
_c
Bourne, E.J
942
_2
udc
_c
BK
999
_c
53908
_d
53908